000 00815nam a2200241Ia 4500
008 191130s2010##################000#0#eng##
020 _a9780199576050
040 _aACL
_cACL
082 _a34420523 BRI
245 _aBlackstone's police operational handbook 2010 : police national legal database
_ceditor, Ian Bridges ; consultant editor, Fraser Sampson
260 _aOxford
_bOxford University Press
_c2010
300 _al, 849 p. ; 19 cm
500 _aIncludes Index
650 _aCriminal law - England
650 _aCriminal law - Wales
650 _aEconomics
650 _aPolice - England - Handbooks, manuals, etc
650 _aPolice - Wales - Handbooks, manuals, etc
700 _aBridges, Ian
990 _a84675b37ac10000c4c6c79f5f7344e48
991 _a431041
999 _c246877
_d246877